000 01463nam0a2200361 4500
001 RU\NLR\bibl\384877
005 20260407083519.0
021 _aRU
_b2003-5825
_9271
035 _a(NLR Aleph) 000379263
090 _a445173
_c445173
100 _a20030326d1997 |||y0rusy50 ca
101 0 _arus
102 _aRU
105 _aa |||||||||
200 1 _aРазделение изотопов с помощью света
_eДокл., прочитанный на XIII Кикоин. чтениях 28.03.1997
_fГригорьев И.С.
210 _aМ.
_cЛаб. лазер. технологии
_d1997 (обл. 2002)
215 _a65,[1] с.
_cил.
_d22
225 1 _aПрепринт
_fРос. науч. центр "Курчат. ин-т", Ин-т молекуляр. физики
_vИАЭ-6246/12
606 0 _aИзотопы
_xРазделение
_xОптические методы
_92284861
_3RU\NLR\auth\661368722
610 0 _aИзотопы - Разделение фотохимическое
675 _a621.039.335
_v3
_zrus
686 _a58
_2rugasnti
686 _a24.12
_2rubbk
686 _aЛ364.037
700 1 _aГригорьев
_bИ. С.
_4070
712 1 2 _4570
_aКикоинские чтения
_d13
_eМосква
_f1997
_9588257
_3RU\NLR\AUTH\8810044413
801 0 _aRU
_bRKP
_c20030326
_gPSBO
801 1 _aRU
_bRKP
_c20030326
801 2 _aRU
_bNLR
_c20030421
_grcr
942 _cBOOK
980 _aNB